An American marriage (Record no. 8753)

MARC details
000 -LEADER
fixed length control field 00521nam a22001457a 4500
008 - FIXED-LENGTH DATA ELEMENTS--GENERAL INFORMATION
fixed length control field 210519b ||||| |||| 00| 0 eng d
020 ## - INTERNATIONAL STANDARD BOOK NUMBER
International Standard Book Number 9781786075192
082 ## - DEWEY DECIMAL CLASSIFICATION NUMBER
Classification number FIC 813.54 JON
100 ## - MAIN ENTRY--PERSONAL NAME
Personal name Jones, TayarI
245 ## - TITLE STATEMENT
Title An American marriage
260 ## - PUBLICATION, DISTRIBUTION, ETC.
Place of publication, distribution, etc. England :
Name of publisher, distributor, etc. One world Publications,
Date of publication, distribution, etc. 2018.
300 ## - PHYSICAL DESCRIPTION
Extent 310 p.
Dimensions 20 cm.
650 ## - SUBJECT ADDED ENTRY--TOPICAL TERM
Topical term or geographic name entry element African Americans--Marriage--Fiction. Man-woman relationships--Fiction. African American families--Fiction. False imprisonment--Fiction. Atlanta (Ga.)--Fiction.
942 ## - Added entry Elements (Koha)
Source of classification or shelving scheme Dewey Decimal Classification
Holdings
Withdrawn status Lost status Source of classification or shelving scheme Damaged status Not for loan Collection code Home library Current library Shelving location Date acquired Serial Enumeration / chronology Total Checkouts Total Renewals Full call number Barcode Date last seen Date last checked out Price effective from Koha item type
    Dewey Decimal Classification     Fiction RTC Library RTC Library Fiction 19/05/2021 15099 5 2 FIC 813.54 JON 30014947 19/09/2023 25/08/2023 19/05/2021 Fiction
Royal Thimphu College || All Right Reserved